LEADER 01240nam a2200289 i 4500 001 000000332503 003 CaOOAMICUS 005 20190207154050.0 008 190207s2016 it u000 u ita u 013 $a238310 020 $a978-88-372-3006-7 040 $aSeMil$bita 100 1 $aBaruzi, Jean.$0(OLS)http://semarc/name/23411 240 10$aJean de la Croix.$0(OLS)http://semarc/title/421378 245 10$aGiovanni della Croce /$cJean Baruzi ; a cura di Domenico Bosco. 260 $aBrescia :$bMorcelliana,$c2016. 300 $a240 p. ;$c19 cm. 490 0 $aIl pellicano rosso. Nuova serie ;$v261 600 04$aGiovanni : della Croce .$0(OLS)http://semarc/subject/7848 700 1 $aBosco, Domenico,$d<1950- >,$ecuratore.$0(OLS)http://semarc/name/5148 830 3$aIl pellicano rosso. Nuova serie ;$v261.$0(OLS)http://semarc/title/11366 850 $aSeMil 852 $aSeMil$W1$xVenegono$y1$m2LA V 261$j266077$B224313$CSeMilBibl$Z2$F224313 $81 996 $6020$a978-88-372-3006-7$9(OLS)http://semarc/number/286536 996 $6245$aGiovanni della Croce$9(OLS)http://semarc/title/421377 996 $6260$aBrescia :$bMorcelliana$9(OLS)http://semarc/publisher/29629 LEADER 01059nam a2200253 i 4500 001 000000169747 003 CaOOAMICUS 005 20080229000000.0 008 080229s1948 it u000 u ita u 013 $a147150 040 $aSeMil$bita 100 1 $aSalvadori, Giulio,$d<1862-1928>.$0(OLS)http://semarc/name/4115 245 10$aLezioni dal Vangelo /$cGiulio Salvadori ; con un prologo nuovo del P. Mariano Cordovani O.P. 250 $a3. ed. riveduta. 260 $aRoma :$bStudium,$cstampa 1948. 300 $a151 p. ;$c21 cm. 490 0 $aCollezione dell'Orsa : spiritualitą per l'uomo d'oggi ;$v10 500 $aContiene : Nota bibliografica. 700 1 $aCordovani, Mariano,$c.$0(OLS)http://semarc/name/525 830 0$aCollezione dell'Orsa ;$v10.$0(OLS)http://semarc/title/42669 850 $aSeMil 852 $aSeMil$W1$xVenegono$y1$m1S IV 42/A$j120652$B120652$CSeMilBibl$Z2$F132048 $81 996 $6245$aLezioni dal Vangelo$9(OLS)http://semarc/title/242739 996 $6260$aRoma :$bStudium$9(OLS)http://semarc/publisher/29617